000 01812nad a2200325 a 4500
001 MIU01000000000000012809461
003 MiU
005 20231010141229.0
007 cr mnummmmuuuu
008 020429s2002 nyua bk 001 0deng
024 7 _a2027/heb05617
_2hdl
040 _aNyNyACL
_cNyNyACL
090 _aML410.S9325
_b(INTERNET)
100 1 _aLeur, Walter van de.
_941502
245 1 0 _aSomething to live for
_h[electronic resource] :
_bthe music of Billy Strayhorn /
_cWalter van de Leur.
300 _axxiii, 328 p. :
_bill. ;
_c25 cm.
504 _aIncludes bibliographical references (p. [309]-314), discography (p. [194]-254), and index.
505 0 _aFantastic rhythm : the Pittsburgh years -- The renaissance of arranging : first works for and with Duke Ellington -- The Strayhorn effect : a new way of writing for jazz orchestra -- Thinking with the ear : Strayhorn's musical fingerprints -- Writing and arranging companion : credited and uncredited collaborations -- "He is he and I am me" : the Ellington-Strayhorn collaboration -- Wounded love : away from the Ellington organization -- Masterpieces by Strayhorn : writing for albums -- The whodunit game : the mature style of Billy Strayhorn -- North by southwest : the final years.
600 1 0 _aStrayhorn, Billy
_xCriticism and interpretation.
_941503
830 0 _aACLS Humanities E-Book.
_941504
856 4 0 _zVolltext
_uhttps://hdl.handle.net/2027/heb05617
942 _cEB
500 _aE-Book-ACLS / Zugriff nur im DHI-Lesesaal
336 _2rdacontent
_btxt
_aText
337 _2rdamedia
_bbc
_aComputermedien
338 _2rdacarrier
_bcr
_aOnline Ressource
264 _aNew York :
_bOxford University Press,
_c2002.
041 _aeng
500 _aAmerican Council of Learned Societies/ https://www.humanitiesebook.org/about/
999 _c66292
_d66292